书目信息 |
| 题名: |
机器人2.0时代
|
|
| 作者: | 罗军 著 | |
| 分册: | ||
| 出版信息: | 北京 东方出版社 2016 |
|
| 页数: | 211页 | |
| 开本: | 24cm | |
| 丛书名: | ||
| 单 册: | ||
| 中图分类: | F416.67 | |
| 科图分类: | ||
| 主题词: | 机器人--Ji Qi Ren--产业发展--研究--世界 | |
| 电子资源: | ||
| ISBN: | 978-7-5060-9014-8 | |
| 000 | 00783nam0 22002291 450 | |
| 001 | 351409 | |
| 005 | 20161011165641.54 | |
| 010 | @a978-7-5060-9014-8@dCNY38.00 | |
| 100 | @a20160501d2016 em y0chiy0110 ea | |
| 101 | 0 | @achi |
| 102 | @aCN@b110000 | |
| 105 | @ay z 000yy | |
| 106 | @ar | |
| 200 | 1 | @a机器人2.0时代@AJi Qi Ren 2.0Shi Dai@f罗军著 |
| 210 | @a北京@c东方出版社@d2016 | |
| 215 | @a211页@d24cm | |
| 330 | @a本书共分十章,主要介绍了机器人技术现状及其主要特征,各国机器人产业的发展状况,我国机器人发展的几大误区,人工智能的关键要素及发展现状,以及机器人2.0时代的趋势及特点等主要内容。 | |
| 606 | 0 | @a机器人@AJi Qi Ren@x产业发展@x研究@x世界 |
| 690 | @aF416.67@v5 | |
| 701 | 0 | @a罗军@ALuo Jun@4著 |
| 801 | 0 | @aCN@bTANGWEI@c20160820 |
| 905 | @b0894745-9@dF416.67@e16@f5 | |
| 机器人2.0时代/罗军著.-北京:东方出版社,2016 |
| 211页;24cm |
| ISBN 978-7-5060-9014-8:CNY38.00 |
| 本书共分十章,主要介绍了机器人技术现状及其主要特征,各国机器人产业的发展状况,我国机器人发展的几大误区,人工智能的关键要素及发展现状,以及机器人2.0时代的趋势及特点等主要内容。 |
| ● |
| 相关链接 |
|
|
|
|
正题名:机器人2.0时代
索取号:F416.67/16
 
预约/预借
| 序号 | 登录号 | 条形码 | 馆藏地/架位号 | 状态 | 备注 |
| 1 | 0894745 | 208947452 | 第一样本阅览室/ [索取号:F416.67/16] | 在馆 | |
| 2 | 0894746 | 208947461 | 密集书库-海洋学院/ [索取号:F416.67/16] | 在馆 | |
| 3 | 0894747 | 208947470 | 第一借阅区/ [索取号:F416.67/16] | 在馆 | |
| 4 | 0894748 | 208947489 | 第一借阅区/ [索取号:F416.67/16] | 在馆 | |
| 5 | 0894749 | 208947498 | 第一借阅区/ [索取号:F416.67/16] | 在馆 |